Регионална библиотека "Любен Каравелов" - Русе

Бягащият кон (Запис номер 40851)

MARC детайли
000 -Лидер
Контролно поле с фиксирана дължина 01337nam a2200289 c 4500
003 - Код на организацията, давaща контролен номер
Контролно поле BLK
005 - Дата и час на последна редакция
Контролно поле 20220518084127.0
008 - Елементи от данни с фиксирана дължина
fixed length control field 180408b bul|||||r ||||||| ||bul||
010 ## - Наследен системен номер
LC control number KNG00044340000
040 ## - Източник на каталожния запис
Идентификатор на билиотеката - собственик на записа BLK
041 ## - Код за език
Код за езика на текст/звукозапис или на отделно заглавие Български
Код за езика КДБФ Български
080 ## - УДК
Текстов определител УДК Немска литература
УДК код - определител по УДК 821.112.2
УДК определител -32
УДК - код + определител 821.112.2-32
100 1# - Редна дума - Автор
Автор Валзер, Мартин
Авторска отговорност първи автор
R(LIN) 277366
139 ## - Редно поле
Редна дума Валзер, Мартин
Авторски знак Вал - В 18
245 10 - Сведения за заглавието
Заглавие Бягащият кон
Подзаглавни данни Разкази и повести
Редно поле (дума) Мартин Валзер; прев. от нем. Венцеслав Константинов.
257 ## - Страна на издаване
Страна на създаване/издаване Германия
260 ## - Област на издателските данни
Име на издателя, разпространителя и проч. ОФ
Година на издаване 1982
Печатница Враца : В. Александров
Място на издаване, разпространение и проч. София
300 ## - Физическа характеристика
Страници 344 с.
Размери/Мащаб 21 см
380 ## - Жанр
Жанр Худож. лит.
500 ## - Общи забележки
Забележка Прев. е направен от Ein Flugzeug uber dem Haus und andere Geschichten ; Lugengeschichten ; Die Gallissil'sche Krankcheit ; Ein fliehendes Pferd. - Други прев. : О. Бранков, Е. Николова-Руж, Л. Илиев, Д. Илинова, В. Андреева. - 30 200 тир.
700 1# - Други автори (авторска отговорност)
Лично име Константинов, Венцеслав
Автороска отговорност (Описва отношението между автора и произведението) прев. от нем.
9 (RLIN) 367608
852 ## - Местоположение
Форматна сигнатура Цб 118300
Фондова буква Хранилище
856 4# - Електронен адрес и достъп
Електронен формат pdf - файл
856 4# - Електронен адрес и достъп
Електронен формат pdf - файл
999 ## - СИСТЕМНИ КОНТРОЛНИ НОМЕРА
Koha biblionumber 40851
Koha biblioitemnumber 40851
942 ## - АРТИКУЛИ
Вид на библиотечния материал Книги
Скрит в OPAC Не
Периодичен библиозапис Да
944 ## - СЪЗДАВАНЕ И РЕДАКЦИЯ на ЗАПИСА
Създаване/Редакция Създаване
Дата на регистрацията/редакция 31.08.2016
Служител, извършил регистрацията/редакцията Кети_Илиева
944 ## - СЪЗДАВАНЕ И РЕДАКЦИЯ на ЗАПИСА
Създаване/Редакция Редакция
Дата на регистрацията/редакция 31.08.2016
Служител, извършил регистрацията/редакцията Кети_Илиева
944 ## - СЪЗДАВАНЕ И РЕДАКЦИЯ на ЗАПИСА
Създаване/Редакция Редакция
Дата на регистрацията/редакция 2022-05-18
Служител, извършил регистрацията/редакцията ВП
999 ## - СИСТЕМНИ КОНТРОЛНИ НОМЕРА
Koha biblioitemnumber 40851
Наличности
Код за отписване Код за изгубен артикул Източник на класификационната схема Код за повреда Коз за рестрикции Код за отдаване Артикулен № Име на библиотеката - собственик Име на библиотеката, в която се намира в момента Статус (Текущо местоположение) Дата на вписване в системата Местоположение - отдел Цена в лева Инвентарен номер Систематично азбучна сигнатура Баркод Номер на екземпляра Цена в евро Служебна бележка Служебен тип на артикула Бележка за публиката
  Не е изгубен Universal Decimal Classification Не е повреден без рестрикции ползва се в читалня 63880 Регионална библиотека "Любен Каравелов" Русе Регионална библиотека "Любен Каравелов" Русе Хранилище 1982-01-01 Хранилище 1.99 365753 Цб 118300 120000365753 1 1.02 Вид: Сф Дата: 01.01.1982 Книги  
Изтеглен Не е изгубен   Не е повреден без рестрикции заемане за дома 63881 Регионална библиотека "Любен Каравелов" Русе Регионална библиотека "Любен Каравелов" Русе   1982-01-01 Заемна - подръчен фонд 1.99 364857 П 830-3/В 18 364857 2 1.02 Вид: Сф Дата: 01.01.1982 Книги Отч.N: 6/2018 , Дата: 22.01.2018
Vip Innovations Ltd, Rousse, Bulgaria 2025